书目信息 |
| 题名: |
无人机系统导论
|
|
| 作者: | 巴恩哈德 编著 ;沈林成 译 | |
| 分册: | ||
| 出版信息: | 北京 国防工业出版社 2017.2 |
|
| 页数: | 12,220页 | |
| 开本: | 23cm | |
| 丛书名: | 无人机系统自主控制技术丛书 | |
| 单 册: | ||
| 中图分类: | V279 | |
| 科图分类: | ||
| 主题词: | 无人驾驶飞机 | |
| 电子资源: | ||
| ISBN: | 978-7-118-09659-0 | |
| 000 | 01505nam0 2200313 45 | |
| 001 | 012001001181 | |
| 005 | 20140913094033.0 | |
| 010 | @a978-7-118-09659-0@dCNY70.00 | |
| 100 | @a20141022d2014 em y0chiy50 ea | |
| 101 | 1 | @achi@ceng |
| 102 | @aCN@b110000 | |
| 105 | @aa z 000yy | |
| 106 | @ar | |
| 200 | 1 | @a无人机系统导论@Awu ren ji xi tong dao lun@b专著@dIntroduction to unmanned aircraft systems@f(美)Richard K. Barnhart[等]编著@g沈林成[等]译@zeng |
| 210 | @a北京@c国防工业出版社@d2017.2 | |
| 215 | @a12,220页@c图@d23cm | |
| 225 | 1 | @a无人机系统自主控制技术丛书 |
| 300 | @a装备科技译著出版基金 | |
| 300 | @a并列题名:Introduction to unmanned aircraft systems | |
| 304 | @a编著者还有:(美)Stephen B. Hottman、(美)Douglas M. Marshall、(美)Eric Shappee | |
| 330 | @a本书针对当前无人机系统使用基本原理相对匮乏的现状,以无人机系统自主能力的发展趋势为引领,从非工程、民用以及使用者的视角,概述了无人机的历史、现状和未来,分析了无人机系统的各个组成单元以及使用中面临的适航认证等问题,并以美国航空监管系统为例,重点阐述了无人机在进入国家空域管理系统时如何实现安全操作使用,并对无人机系统的自主能力、感知与规避以及人因工程展开了探讨。 | |
| 461 | 0 | @12001 @a无人机系统自主控制技术丛书 |
| 510 | 1 | @aIntroduction to unmanned aircraft systems@zeng |
| 606 | 0 | @a无人驾驶飞机 |
| 690 | @aV279@v5 | |
| 701 | 0 | @c(美)@a巴恩哈德@Aba en ha de@c(Barnhart, Richard K.)@4编著 |
| 702 | 0 | @a沈林成@Ashen lin cheng@f(1965 )@4译 |
| 801 | 0 | @aCN@bBJSDL@c20211011 |
| 905 | @b1333358-61@dV279@e69@f4 | |
| 无人机系统导论=Introduction to unmanned aircraft systems/(美)Richard K. Barnhart[等]编著/沈林成[等]译.-北京:国防工业出版社,2017.2 |
| 12,220页:图;23cm.-(无人机系统自主控制技术丛书) |
| 装备科技译著出版基金.-并列题名:Introduction to unmanned aircraft systems |
| ISBN 978-7-118-09659-0:CNY70.00 |
| 本书针对当前无人机系统使用基本原理相对匮乏的现状,以无人机系统自主能力的发展趋势为引领,从非工程、民用以及使用者的视角,概述了无人机的历史、现状和未来,分析了无人机系统的各个组成单元以及使用中面临的适航认证等问题,并以美国航空监管系统为例,重点阐述了无人机在进入国家空域管理系统时如何实现安全操作使用,并对无人机系统的自主能力、感知与规避以及人因工程展开了探讨。 |
| ● |
| 相关链接 |
|
|
|
|
正题名:无人机系统导论
索取号:V279/69
 
预约/预借
| 序号 | 登录号 | 条形码 | 馆藏地/架位号 | 状态 | 备注 |
| 1 | 1333358 | 213333588 | 第二样本阅览室/ [索取号:V279/69] | 在馆 | |
| 2 | 1333359 | 213333597 | 第三借阅区/ [索取号:V279/69] | 在馆 | |
| 3 | 1333360 | 213333604 | 第三借阅区/ [索取号:V279/69] | 在馆 | |
| 4 | 1333361 | 213333613 | 第三借阅区/ [索取号:V279/69] | 在馆 |